Primer Congreso Nacional de Educación: informe final
Zapisane w:
| Korporacja: | |
|---|---|
| Format: | Książka |
| Język: | hiszpański |
| Wydane: |
Santiago
Colegio de Profesores de Chile
1997
|
| Hasła przedmiotowe: | |
| Etykiety: |
Dodaj etykietę
Nie ma etykietki, Dołącz pierwszą etykiete!
|
MARC
| LEADER | 00000nam a2200000 a 4500 | ||
|---|---|---|---|
| 001 | UCQ0165 | ||
| 003 | CL-VaPUC | ||
| 005 | 20220315074415.0 | ||
| 008 | 980619e19970000cl 1 spa d | ||
| 082 | 0 | 4 | |a 371.104 |b COL |2 21 |
| 110 | 2 | |a Colegio de Profesores de Chile A.G |e author |9 619038 | |
| 245 | 1 | 0 | |a Primer Congreso Nacional de Educación: informe final |
| 260 | |a Santiago |b Colegio de Profesores de Chile |c 1997 | ||
| 300 | |a 99 p | ||
| 583 | |a last modification |c 19980619 00:00:00 |k Rodrigo Vera | ||
| 650 | 0 | 0 | |a Educación |9 258661 |
| 650 | 0 | 0 | |a Congresos |9 257560 |
| 942 | |c BK | ||
| 945 | |a mvenant |d 19980619 00:00:00 | ||
| 546 | |a En Español | ||
| 536 | |a Colegio de Profesores de Chile A.G | ||
| 518 | |p Congreso Nacional de Educacion, 1, Santiago, Octubre de 1997 | ||
| 999 | |c 383214 |d 383212 | ||
| 952 | |0 0 |1 0 |4 0 |6 371_104000000000000_COL_1997 |7 0 |8 P |9 505266 |a BIBEDU |b BIBEDU |c BIBEDU_PB |d 2020-01-23 |i 3430944 |o 371.104 COL 1997 |p 3430944 |r 2024-01-25 |w 2020-01-23 |y BK |k BME | ||
| 952 | |0 0 |1 0 |4 0 |6 371_104000000000000_COL_1997 |7 0 |8 P |9 505267 |a BIBEDU |b BIBEDU |c BIBEDU_PB |d 2020-01-23 |i 3430952 |o 371.104 COL 1997 |p 3430952 |r 2024-01-25 |w 2020-01-23 |y BK |k BME | ||
| 952 | |0 0 |1 0 |4 0 |6 371_104000000000000_COL_1997 |7 0 |8 P |9 505268 |a BIBEDU |b BIBEDU |c BIBEDU_PB |d 2020-01-23 |i 3430960 |o 371.104 COL 1997 |p 3430960 |r 2024-01-25 |w 2020-01-23 |y BK |k BME | ||
| 952 | |0 0 |1 0 |4 0 |6 371_104000000000000_COL_1997 |7 0 |8 P |9 505269 |a BIBEDU |b BIBEDU |c BIBEDU_PB |d 2020-01-23 |i 3430979 |o 371.104 COL 1997 |p 3430979 |r 2024-01-25 |w 2020-01-23 |y BK |k BME | ||
| 952 | |0 0 |1 0 |4 0 |6 371_104000000000000_COL_1997 |7 0 |8 P |9 505270 |a BIBEDU |b BIBEDU |c BIBEDU_PB |d 2020-01-23 |i 3430987 |o 371.104 COL 1997 |p 3430987 |r 2024-01-25 |w 2020-01-23 |y BK |k BME | ||
| 952 | |0 0 |1 0 |4 0 |6 371_104000000000000_COL_1997 |7 0 |8 P |9 505271 |a BIBEDU |b BIBEDU |c BIBEDU_PB |d 2020-01-23 |i 3430995 |o 371.104 COL 1997 |p 3430995 |r 2024-01-25 |w 2020-01-23 |y BK |k BME | ||
| 952 | |0 0 |1 0 |4 0 |6 371_104000000000000_COL_1997 |7 0 |8 P |9 505272 |a BIBEDU |b BIBEDU |c BIBEDU_PB |d 2020-01-23 |i 3431002 |o 371.104 COL 1997 |p 3431002 |r 2024-01-25 |w 2020-01-23 |y BK |k BME | ||